The dream cather

Bibliographic Details
Main Author: Jill Eggleton
Format: Book
Published: Selangor : Pearson educated , 2000
Series:Sails
Subjects:

MARC

LEADER 00000cam a2200000 7i4500
001 0000081457
005 20181217.0
008 181217
020 |a 9814075477 
090 0 0 |a JF   |b ENG 
100 1 |a Jill Eggleton 
245 1 4 |a The dream cather   |c Jill Eggleton 
260 |a Selangor :   |b Pearson educated ,   |c 2000 
490 1 |a Sails 
500 |a Children ages 7-9 years old (orange) 
650 0 |a Children's stories, English 
999 |a 0000009371   |b Book   |c Children Collection   |e Cawangan Taman Universiti